Statistics for Maisie Peters - Brooklyn

Click here to take the quiz!

General Stats

  • This quiz has been taken 12 times
  • The average score is 366 of 391

Answer Stats

Answer% Correct
a
100%
an
100%
and
100%
And
100%
ask
100%
best
100%
Brooklyn
100%
bus
100%
but
100%
dreams
100%
first
100%
for
100%
girl
100%
go
100%
gonna
100%
have
100%
her
100%
I
100%
if
100%
If
100%
I’m
100%
in
100%
is
100%
it”,
100%
it,
100%
it
100%
looking
100%
looking,
100%
me,
100%
me
100%
of
100%
out
100%
she
100%
she’s
100%
She’s
100%
take
100%
the
100%
wanna
100%
with
100%
you
100%
your
100%
You’re
100%
you’re
100%
youre
100%
can
91%
Don’t
91%
fine
91%
Flying
91%
flying
91%
It’s
91%
it’s
91%
jacket,
91%
my
91%
nothing
91%
older
91%
on,
91%
on
91%
one
91%
Only
91%
shoulder
91%
to
91%
we
91%
behind
82%
car,
82%
Come
82%
even
82%
ever
82%
eyes?
82%
eyes
82%
fake
82%
from
82%
ID
82%
Katie
82%
leave
82%
Michigan
82%
Mum’s
82%
Oh,
82%
parked
82%
seen
82%
sister
82%
Sister
82%
those
82%
us
82%
dead
73%
far,
73%
fit,
73%
Harlem?
73%
“He’s
73%
last
73%
miss
73%
missed
73%
pretty
73%
straight
73%
Sushi
73%
this
73%
we’re
73%
Wingwoman,
73%
wouldn’t
73%
42nd,
64%
already
64%
colder
64%
down
64%
Gemini
64%
happened
64%
hate
64%
panic
64%
Terrible
64%
tickets
64%
told
64%
tracksuit
64%
Village
64%
What
64%
11,
55%
at
55%
dancing
55%
earphone
55%
Gatwick
55%
Give
55%
Land
55%
Shuttle
55%
Sleep
55%
street
55%
bed
45%
breakfast
45%
laughing,
45%
Noodles
45%
Quick
36%

Score Distribution

Percentile by Number Answered

Percent of People with Each Score

Your Score History

You have not taken this quiz